[Event "Ostravský koník 2014 - FIDE Open B"]
[Site "Ostrava, CZE"]
[Date "2014.05.03"]
[Round "8"]
[White "Malinovsky, Petr"]
[Black "Dobes, Ludek"]
[Result "0-1"]
[WhiteElo "1969"]
[BlackElo "2066"]
[PlyCount "110"]

1. d4 Nf6 2. c4 g6 3. Nc3 Bg7 4. e4 d6 5. f3 O-O 6. Be3 c5 7. dxc5 dxc5 8. Qxd8
Rxd8 9. Bxc5 Nc6 10. Rd1 Nd7 11. Be3 b6 12. Nh3 Ba6 13. Be2 Nb4 14. Kf2 Nc5 15.
Nf4 e6 16. Rxd8+ Rxd8 17. a3 Nc2 18. Rd1 Rxd1 19. Nxd1 Nxe3 20. Kxe3 Bh6 21. e5
f6 22. b4 Na4 23. c5 Bxe2 24. c6 Bb5 25. c7 Ba6 26. exf6 e5 27. Ke4 Bxf4 28.
Kd5 Bb7+ 29. Ke6 Bc8+ 30. Ke7 Bg5 31. g3 b5 32. h4 Bxf6+ 33. Kxf6 Kf8 34. g4 a6
35. h5 gxh5 36. gxh5 Nb6 37. Kxe5 Ke7 38. Ne3 Nc4+ 39. Nxc4 bxc4 40. Kd4 Kd7
41. Kxc4 h6 42. b5 axb5+ 43. Kxb5 Kxc7 44. Kc5 Bb7 45. f4 Bf3 46. a4 Bxh5 47.
a5 Be2 48. f5 Kd7 49. Kd4 Ke7 50. Ke3 Ba6 51. Kf4 Kf6 52. Kg4 Be2+ 53. Kh4 Kxf5
54. a6 Kg6 55. a7 Bf3 0-1

[Event "Ostravský koník 2014 - FIDE Open B"]
[Site "Ostrava, CZE"]
[Date "2014.05.03"]
[Round "8"]
[White "Havelka, Ondrej"]
[Black "Omamik, Pavel"]
[Result "0-1"]
[WhiteElo "1661"]
[BlackElo "2044"]
[PlyCount "56"]

1. d4 c5 2. d5 f5 3. c4 g6 4. Nc3 Nf6 5. Bf4 d6 6. Qd2 Nbd7 7. Nf3 Bg7 8. g3 a6
9. Bg2 O-O 10. O-O Rb8 11. e4 Nxe4 12. Nxe4 fxe4 13. Ng5 Ne5 14. Qe2 Nd3 15.
Rab1 Nxf4 16. gxf4 Rxf4 17. Nxe4 Bd4 18. Kh1 Qf8 19. f3 Rh4 20. Rfe1 Qf4 21.
Bf1 Be5 22. h3 Bxh3 23. Bxh3 Rxh3+ 24. Kg1 Bd4+ 25. Kg2 Rh2+ 26. Kf1 Rxe2 27.
Rxe2 Qxf3+ 28. Nf2 Rf8 0-1

[Event "Ostravský koník 2014 - FIDE Open B"]
[Site "Ostrava, CZE"]
[Date "2014.05.03"]
[Round "8"]
[White "Radecki, Petr"]
[Black "Petrov, Bogoljub"]
[Result "1-0"]
[WhiteElo "2013"]
[BlackElo "1953"]
[PlyCount "92"]

1. d4 Nf6 2. c4 g6 3. Nc3 Bg7 4. e4 d6 5. Nf3 O-O 6. Be2 c5 7. d5 a6 8. a4 Nh5
9. Be3 Nd7 10. h3 Qc7 11. Qd2 Nhf6 12. O-O Kh8 13. Kh1 Ng8 14. Rad1 b6 15. Nh2
Rd8 16. f4 Ra7 17. g4 f6 18. h4 f5 19. exf5 gxf5 20. g5 Nf8 21. h5 h6 22. Nf3
e5 23. Nh4 e4 24. Rf2 Qe7 25. Rdf1 Bd7 26. Rg2 Qe8 27. Rfg1 Bc8 28. Bd1 Rc7 29.
Rh2 Kh7 30. Ne2 b5 31. Ng3 Ne7 32. axb5 axb5 33. b3 bxc4 34. bxc4 Rb7 35. Qg2
Kh8 36. Ng6+ Kh7 37. Nh4 Kh8 38. gxh6 Bf6 39. Ngxf5 Rb2 40. Qg3 Rxh2+ 41. Kxh2
Bxf5 42. Nxf5 Qf7 43. Nxe7 Bxe7 44. Qg7+ Qxg7 45. hxg7+ Kg8 46. gxf8=Q+ Kxf8
1-0

[Event "Ostravský koník 2014 - FIDE Open B"]
[Site "Ostrava, CZE"]
[Date "2014.05.03"]
[Round "8"]
[White "Holecek, Vladimir"]
[Black "Kula, Dominik"]
[Result "0-1"]
[WhiteElo "1981"]
[BlackElo "1968"]
[PlyCount "82"]

1. e4 c5 2. Nf3 d6 3. Bb5+ Bd7 4. c4 Bxb5 5. cxb5 Nf6 6. Nc3 g6 7. d4 cxd4 8.
Nxd4 Bg7 9. O-O Nbd7 10. Nb3 O-O 11. Qe2 Rc8 12. Be3 Ne5 13. Bd4 Nc4 14. f3 e5
15. Bf2 d5 16. Bc5 Re8 17. exd5 Nxd5 18. Qxc4 Nxc3 19. bxc3 b6 20. Rad1 Qc7 21.
Rd5 bxc5 22. Rfd1 Red8 23. Qxc5 Rxd5 24. Qxd5 Qxc3 25. Qd2 Qc7 26. Qa5 Qb7 27.
Rd8+ Rxd8 28. Qxd8+ Bf8 29. Qd3 Qe7 30. a4 Qb4 31. g3 Qxa4 32. Kg2 Qb4 33. h4
Qd6 34. Qc4 Kg7 35. Kf2 Qd7 36. Kg2 Be7 37. Qe2 Qc7 38. Qd3 f5 39. Kh3 Qd6 40.
Qc4 f4 41. g4 e4 0-1

[Event "Ostravský koník 2014 - FIDE Open B"]
[Site "Ostrava, CZE"]
[Date "2014.05.03"]
[Round "8"]
[White "Stehlik, Jiri"]
[Black "Kozelsky, Marek"]
[Result "1-0"]
[WhiteElo "2017"]
[BlackElo "1933"]
[PlyCount "50"]

1. Nf3 d5 2. c4 e6 3. b3 Nf6 4. g3 Bd6 5. Bb2 Nbd7 6. Bg2 O-O 7. O-O c6 8. d4
Ne4 9. Nbd2 f5 10. Qc2 Ndf6 11. Ne5 Bd7 12. f3 Ng5 13. Rae1 Be8 14. c5 Bc7 15.
f4 Nge4 16. Bf3 Ba5 17. Bxe4 Nxe4 18. Bc1 h6 19. Rd1 Bc3 20. Nxe4 Bxd4+ 21.
Rxd4 fxe4 22. e3 Kh7 23. Bb2 Bg6 24. Rd2 Bf5 25. g4 Bg6 1-0

[Event "Ostravský koník 2014 - FIDE Open B"]
[Site "Ostrava, CZE"]
[Date "2014.05.03"]
[Round "8"]
[White "Gil, Karel"]
[Black "Lipovsky, Tomas"]
[Result "1/2-1/2"]
[WhiteElo "1873"]
[BlackElo "2011"]
[PlyCount "52"]

1. d4 Nf6 2. Nf3 b6 3. c4 Bb7 4. g3 e6 5. Bg2 Bb4+ 6. Nbd2 O-O 7. O-O d5 8. b3
Bc3 9. Rb1 dxc4 10. bxc4 Bxd4 11. Ba3 c5 12. Qc2 Nbd7 13. Nxd4 Bxg2 14. Kxg2
cxd4 15. Bxf8 Qxf8 16. Nf3 e5 17. Rb4 Qd6 18. Rd1 Nc5 19. a4 Nfe4 20. a5 Nc3
21. Qxc3 dxc3 22. Rxd6 c2 23. axb6 axb6 24. Rdxb6 Nd7 25. Rb1 Nxb6 26. Rc1 Nxc4
1/2-1/2

[Event "Ostravský koník 2014 - FIDE Open B"]
[Site "Ostrava, CZE"]
[Date "2014.05.03"]
[Round "8"]
[White "Kondula, Lukas"]
[Black "Tyn, Marek"]
[Result "1-0"]
[WhiteElo "1997"]
[BlackElo "1878"]
[PlyCount "113"]

1. e4 c5 2. Nf3 Nc6 3. d4 cxd4 4. Nxd4 Nf6 5. Nc3 e5 6. Ndb5 d6 7. Bg5 a6 8.
Na3 b5 9. Bxf6 gxf6 10. Nd5 Bg7 11. c3 f5 12. Bd3 O-O 13. O-O fxe4 14. Bxe4 f5
15. Nf6+ Rxf6 16. Bxc6 Ra7 17. Qb3+ Be6 18. Bd5 Qe7 19. Rad1 Bf8 20. Bxe6+ Qxe6
21. Qd5 Qxd5 22. Rxd5 Rc7 23. Nc2 Rc5 24. Rfd1 Rf7 25. Rxc5 dxc5 26. Rd5 f4 27.
f3 Rf5 28. b3 Kf7 29. c4 bxc4 30. bxc4 Ke6 31. Ne1 e4 32. fxe4 Rxd5 33. exd5+
Ke5 34. Nf3+ Ke4 35. Kf1 Kd3 36. Ne5+ Kd4 37. Nf7 Kxc4 38. d6 Kd3 39. d7 Be7
40. d8=Q+ Bxd8 41. Nxd8 Kd2 42. Ne6 c4 43. Nxf4 c3 44. g4 c2 45. Ne2 c1=Q+ 46.
Nxc1 Kxc1 47. g5 Kb2 48. h4 Kxa2 49. h5 a5 50. g6 hxg6 51. hxg6 a4 52. g7 a3
53. g8=Q+ Kb2 54. Qb8+ Ka1 55. Qe5+ Kb1 56. Qe4+ Kc1 57. Qc4+ 1-0

[Event "Ostravský koník 2014 - FIDE Open B"]
[Site "Ostrava, CZE"]
[Date "2014.05.03"]
[Round "8"]
[White "Hurta, Jiri"]
[Black "Zeman, Arnost"]
[Result "0-1"]
[WhiteElo "1844"]
[BlackElo "1993"]
[PlyCount "64"]

1. Nf3 c5 2. g3 g6 3. Bg2 Bg7 4. c4 Nc6 5. Nc3 d6 6. d3 Nf6 7. Bg5 h6 8. Bd2
Be6 9. Qc1 Rb8 10. Ne4 Nxe4 11. dxe4 Qb6 12. Rb1 Qa6 13. Bc3 Nd4 14. Nd2 O-O
15. e3 Nc6 16. Bxg7 Kxg7 17. O-O b5 18. f4 f6 19. Bf3 bxc4 20. b3 cxb3 21. axb3
Qd3 22. Nc4 Rxb3 23. Rxb3 Qxb3 24. Be2 Rb8 25. e5 fxe5 26. fxe5 d5 27. Bf3 Nb4
28. Na5 Qc2 29. Qxc2 Nxc2 30. Nc6 Rb6 31. Nxe7 Nxe3 32. Kf2 Nxf1 0-1

[Event "Ostravský koník 2014 - FIDE Open B"]
[Site "Ostrava, CZE"]
[Date "2014.05.03"]
[Round "8"]
[White "Novacek, Pavel"]
[Black "Kriebel, Rudolf"]
[Result "1-0"]
[WhiteElo "1979"]
[BlackElo "1889"]
[PlyCount "59"]

1. e4 c5 2. Nf3 Nc6 3. Bb5 e6 4. Bxc6 bxc6 5. O-O d5 6. Re1 dxe4 7. Rxe4 Nf6 8.
Re1 Bd6 9. d3 Qc7 10. b3 Bb7 11. Nbd2 O-O-O 12. Bb2 Ng4 13. h3 Nxf2 14. Kxf2
Bg3+ 15. Kg1 Bxe1 16. Qxe1 Rhg8 17. Qe5 Qe7 18. Re1 Rd5 19. Qe3 g5 20. Ne4 Rg6
21. Ne5 Rg8 22. c4 Rdd8 23. Qxc5 Qxc5+ 24. Nxc5 f6 25. Nf7 e5 26. Nxd8 Rxd8 27.
d4 exd4 28. Ne6 Re8 29. Bxd4 Kb8 30. Bxf6 1-0

[Event "Ostravský koník 2014 - FIDE Open B"]
[Site "Ostrava, CZE"]
[Date "2014.05.03"]
[Round "8"]
[White "Novak, Borivoj"]
[Black "Melecky, Jaroslav"]
[Result "0-1"]
[WhiteElo "1844"]
[BlackElo "1973"]
[PlyCount "92"]

1. c4 e5 2. Nc3 Nf6 3. Nf3 Nc6 4. g3 d6 5. Bg2 Be7 6. O-O O-O 7. d3 Bg4 8. h3
Bd7 9. a3 a5 10. e3 Qc8 11. Kh2 Re8 12. b3 h6 13. Bb2 Nh7 14. Nd5 Bf8 15. Qc2
Nd8 16. b4 Ne6 17. h4 Qd8 18. b5 f5 19. Rh1 c6 20. Nc3 Nf6 21. Kg1 Rc8 22. a4
Nc5 23. Nd2 Be6 24. d4 Ncd7 25. dxe5 dxe5 26. bxc6 bxc6 27. f3 Bc5 28. Kh2 Bxe3
29. Rhd1 f4 30. Nf1 fxg3+ 31. Nxg3 Bf4 32. Nce2 Ng4+ 33. fxg4 Qxh4+ 34. Bh3
Bxg4 35. Nxf4 exf4 36. Qg2 fxg3+ 37. Kg1 Qxh3 38. Rd2 Qxg2+ 39. Kxg2 Re2+ 40.
Rxe2 Bxe2 41. Bc3 Nc5 42. Bxa5 Nb3 43. Re1 Nxa5 44. Rxe2 Nxc4 45. Kxg3 c5 46.
Rc2 Na5 0-1

[Event "Ostravský koník 2014 - FIDE Open B"]
[Site "Ostrava, CZE"]
[Date "2014.05.03"]
[Round "8"]
[White "Kopta, Jiri"]
[Black "Mrazek, Roman"]
[Result "1-0"]
[WhiteElo "1960"]
[BlackElo "1842"]
[PlyCount "101"]

1. e4 e6 2. d3 d5 3. Nf3 dxe4 4. dxe4 Qxd1+ 5. Kxd1 Bc5 6. Ke1 Nf6 7. Bd3 Nbd7
8. h3 b6 9. Bf4 Bb7 10. Nbd2 O-O-O 11. a3 Rhe8 12. b4 Bf8 13. Ke2 Nh5 14. Be3
Bd6 15. g3 Ne5 16. Nxe5 Bxe5 17. Rag1 f5 18. f4 Bb2 19. Rh2 fxe4 20. Nxe4 Bxa3
21. b5 Bb2 22. g4 Nf6 23. Nxf6 gxf6 24. Bxh7 e5 25. f5 Be4 26. Rb1 Bc3 27. Kf1
Rd7 28. Bg6 Red8 29. Kf2 Rd1 30. Rxd1 Rxd1 31. h4 Bxc2 32. h5 Be1+ 33. Ke2 Bg3
34. Rh3 Re1+ 35. Kf3 Rxe3+ 36. Kxe3 Bf4+ 37. Ke2 Bh6 38. Be8 Be4 39. Bc6 Bc2
40. Rc3 Ba4 41. Ra3 Bc2 42. Rxa7 Kd8 43. Ra8+ Ke7 44. Re8+ Kd6 45. Re6+ Kc5 46.
Rxf6 Bf4 47. h6 Kd4 48. h7 Bd3+ 49. Kf3 Bc2 50. h8=Q Bd1+ 51. Kg2 1-0

[Event "Ostravský koník 2014 - FIDE Open B"]
[Site "Ostrava, CZE"]
[Date "2014.05.03"]
[Round "8"]
[White "Chromik, Tomas"]
[Black "Pesl, Jan"]
[Result "0-1"]
[WhiteElo "1939"]
[BlackElo "1780"]
[PlyCount "60"]

1. d4 Nf6 2. c4 g6 3. g3 Bg7 4. Bg2 c6 5. Nf3 d6 6. O-O O-O 7. Nc3 Qa5 8. e4
Bg4 9. Qd3 Qh5 10. Ne1 Bh3 11. f4 Bxg2 12. Kxg2 Qa5 13. Bd2 Qb6 14. Nf3 c5 15.
d5 Nbd7 16. Rab1 Ne8 17. g4 e5 18. dxe6 fxe6 19. Ng5 Nc7 20. Be3 Nf6 21. h3 d5
22. cxd5 exd5 23. Nxd5 Ncxd5 24. exd5 Rad8 25. Qc4 Nxd5 26. Bxc5 Qc6 27. b3 b5
28. Qe4 Rde8 29. Bxf8 Rxe4 30. Nxe4 Ne3+ 0-1

[Event "Ostravský koník 2014 - FIDE Open B"]
[Site "Ostrava, CZE"]
[Date "2014.05.03"]
[Round "8"]
[White "Chrostek, Lukas"]
[Black "Hlubina, Pavel"]
[Result "1/2-1/2"]
[WhiteElo "1769"]
[BlackElo "1930"]
[PlyCount "34"]

1. e4 d6 2. d4 Nf6 3. Nc3 g6 4. f4 Bg7 5. Nf3 O-O 6. Be2 c5 7. dxc5 Qa5 8. O-O
Qxc5+ 9. Kh1 Nc6 10. Qe1 Nb4 11. Bd3 Nxd3 12. cxd3 a6 13. Be3 Qh5 14. Qh4 Qxh4
15. Nxh4 Bd7 16. f5 b5 17. b4 g5 1/2-1/2

[Event "Ostravský koník 2014 - FIDE Open B"]
[Site "Ostrava, CZE"]
[Date "2014.05.03"]
[Round "8"]
[White "Brzezny, Petr"]
[Black "Albertovic, Lukas"]
[Result "0-1"]
[WhiteElo "1618"]
[BlackElo "1923"]
[PlyCount "106"]

1. c4 c5 2. Nc3 Nc6 3. g3 g6 4. Bg2 Bg7 5. e3 d6 6. Nge2 Bg4 7. O-O Qd7 8. d3
Nf6 9. Rb1 h5 10. f3 Be6 11. Nf4 h4 12. Ncd5 hxg3 13. Nxf6+ Bxf6 14. hxg3 Bf5
15. g4 Be6 16. Kf2 Bh4+ 17. Ke2 g5 18. Nxe6 Qxe6 19. Qa4 O-O 20. Bd2 a6 21.
Rfc1 b5 22. Qd1 Rac8 23. Kf1 f5 24. gxf5 Qxf5 25. Qe2 Ne5 26. Kg1 Nxd3 27. Rf1
bxc4 28. e4 Qh7 29. f4 Bg3 30. Bh1 gxf4 31. Rf3 Ne5 32. Rbf1 Nxf3+ 33. Rxf3 Rf7
34. Rxg3+ fxg3 35. Qg4+ Qg7 36. Qxc8+ Rf8 37. Qe6+ Qf7 38. Qg4+ Qg7 39. Qxg7+
Kxg7 40. Be1 Kf6 41. Bf3 Ke5 42. Kg2 Kd4 43. Be2 Kxe4 44. Bxc4 d5 45. Bxa6 Ra8
46. Bb7 Rxa2 47. Bc3 e6 48. Kxg3 Kd3 49. Bc8 d4 50. Bxd4 Kxd4 51. Bxe6 Rxb2 52.
Kf3 c4 53. Bf5 c3 0-1

[Event "Ostravský koník 2014 - FIDE Open B"]
[Site "Ostrava, CZE"]
[Date "2014.05.03"]
[Round "8"]
[White "Stanek, Stanislav"]
[Black "Kabelka, Ondrej"]
[Result "1/2-1/2"]
[WhiteElo "1917"]
[BlackElo "1697"]
[PlyCount "111"]

1. d4 Nf6 2. c4 e6 3. Nc3 Bb4 4. Bd2 d5 5. e3 c5 6. Nf3 Nc6 7. a3 Bxc3 8. Bxc3
O-O 9. dxc5 Ne4 10. Qc2 Nxc5 11. cxd5 Qxd5 12. Rd1 Qh5 13. Be2 Qg6 14. Qxg6
hxg6 15. Bb5 Ne4 16. Bxc6 bxc6 17. Bb4 c5 18. Ba5 Rb8 19. Nd2 Nxd2 20. Rxd2 Ba6
21. Kd1 Bb5 22. b4 cxb4 23. axb4 Ba4+ 24. Ke2 Rfc8 25. f3 Kf8 26. Kf2 Ke7 27.
Ra1 Bb5 28. Ra3 Rc1 29. h4 Rbc8 30. Raa2 a6 31. Kg3 R1c3 32. Bb6 f6 33. Bc5+
Kf7 34. Rd6 Rd3 35. Rd2 Rxd2 36. Rxd2 e5 37. Rd6 Rc7 38. Rd8 Rd7 39. Rf8+ Ke6
40. e4 Rf7 41. Rb8 Rd7 42. Kg4 Rd2 43. g3 Kf7 44. Rf8+ Ke6 45. h5 g5 46. h6
gxh6 47. Kh5 Rd3 48. Kg6 Rxf3 49. Kg7 f5 50. Rf6+ Kd7 51. exf5 e4 52. Rd6+ Kc7
53. g4 e3 54. Re6 e2 55. Re7+ Kc6 56. f6 1/2-1/2

[Event "Ostravský koník 2014 - FIDE Open B"]
[Site "Ostrava, CZE"]
[Date "2014.05.03"]
[Round "8"]
[White "Blecha, Josef"]
[Black "Kuchar, Matej"]
[Result "1/2-1/2"]
[WhiteElo "1890"]
[BlackElo "1693"]
[PlyCount "50"]

1. e4 c5 2. d4 cxd4 3. Qxd4 Nc6 4. Qe3 Nf6 5. Nc3 e6 6. Bd3 Be7 7. h3 d5 8.
exd5 exd5 9. Qd2 O-O 10. Nge2 Nb4 11. O-O Nxd3 12. Qxd3 h6 13. Bf4 Be6 14. Rad1
Qb6 15. Qb5 Qxb5 16. Nxb5 a6 17. Nbd4 Rfe8 18. Nxe6 fxe6 19. Nd4 Bc5 20. Nf3
Ne4 21. Be5 Rac8 22. c3 Rf8 23. Bd4 Bd6 24. Nd2 Nxd2 25. Rxd2 Bc5 1/2-1/2

[Event "Ostravský koník 2014 - FIDE Open B"]
[Site "Ostrava, CZE"]
[Date "2014.05.03"]
[Round "8"]
[White "Snasel, Michal"]
[Black "Pisa, Vladimir"]
[Result "1/2-1/2"]
[WhiteElo "1726"]
[BlackElo "1981"]
[PlyCount "104"]

1. e4 c5 2. d4 cxd4 3. c3 dxc3 4. Nxc3 Nc6 5. Nf3 g6 6. h4 Bg7 7. h5 d6 8. h6
Bxc3+ 9. bxc3 Nf6 10. Ng5 Qa5 11. Bd2 Qc5 12. Qb3 e6 13. Be3 Na5 14. Bb5+ Ke7
15. Bxc5 Nxb3 16. Bxd6+ Kxd6 17. e5+ Ke7 18. axb3 Nd7 19. f4 a6 20. Be2 Nb6 21.
Kf2 Nd5 22. g3 Nxc3 23. Rhc1 Nd5 24. Bf3 f6 25. Nh3 Bd7 26. exf6+ Kxf6 27. Ng5
Bc6 28. Bxd5 exd5 29. Re1 Rae8 30. Rxe8 Bxe8 31. Rc1 Bc6 32. Re1 Kf5 33. Re7
Kg4 34. Nf3 Rf8 35. Ne5+ Kh5 36. Rxh7 Be8 37. Kf3 g5 38. g4+ Kh4 39. f5 Bh5 40.
Ke3 Re8 41. Kd4 Bxg4 42. f6 Bf5 43. Rxb7 Rf8 44. Rg7 Rxf6 45. h7 Rh6 46. Nf3+
Kg3 47. Nxg5 Kf4 48. Kxd5 a5 49. Kc5 Bc2 50. Kb5 Bxb3 51. Kxa5 Kf5 52. Kb4 Ba2
1/2-1/2

[Event "Ostravský koník 2014 - FIDE Open B"]
[Site "Ostrava, CZE"]
[Date "2014.05.03"]
[Round "8"]
[White "Kusak, Lubomir"]
[Black "Sobek, Martin"]
[Result "1/2-1/2"]
[WhiteElo "1685"]
[BlackElo "1946"]
[PlyCount "53"]

1. e4 c5 2. Nf3 Nc6 3. d4 cxd4 4. Nxd4 e6 5. Nxc6 bxc6 6. Qd4 f6 7. Bc4 e5 8.
Qd3 Ne7 9. Nc3 Bb7 10. f4 d5 11. Bb3 Qd6 12. O-O O-O-O 13. fxe5 fxe5 14. Bg5 h6
15. Rf6 Qc5+ 16. Be3 Qa5 17. Bf2 Kb8 18. Rd1 d4 19. Na4 Ba6 20. Qg3 Ng8 21.
Rxc6 Bd6 22. Nc5 Ne7 23. Rxd6 Rxd6 24. Qxe5 Qd8 25. Nxa6+ Ka8 26. Nc5 Rf8 27.
Ne6 1/2-1/2

[Event "Ostravský koník 2014 - FIDE Open B"]
[Site "Ostrava, CZE"]
[Date "2014.05.03"]
[Round "8"]
[White "Tylecek, Drahomir"]
[Black "Chlebek, Jan"]
[Result "1-0"]
[WhiteElo "1942"]
[BlackElo "1543"]
[PlyCount "71"]

1. e4 c5 2. Nf3 d6 3. d4 cxd4 4. Nxd4 Nf6 5. Nc3 g6 6. Be3 Bg7 7. f3 Nc6 8. Qd2
O-O 9. Bc4 Nd7 10. O-O-O Nb6 11. Bb3 Na5 12. Qe2 Bd7 13. h4 Rc8 14. h5 Nbc4 15.
hxg6 fxg6 16. Bh6 Qc7 17. Bxg7 Kxg7 18. Nd5 Qc5 19. g4 e5 20. Qh2 Rh8 21. Nf5+
Bxf5 22. gxf5 Nxb3+ 23. axb3 Ne3 24. Nxe3 Qxe3+ 25. Kb1 Qxf3 26. Rxd6 Qxe4 27.
Qh6+ Kf7 28. f6 Rcg8 29. Rhd1 Qf4 30. Qh3 Qf5 31. Rd7+ Ke8 32. f7+ Kf8 33. Qh6+
Rg7 34. Rd8+ Kxf7 35. Rxh8 g5 36. Rhd8 1-0

[Event "Ostravský koník 2014 - FIDE Open B"]
[Site "Ostrava, CZE"]
[Date "2014.05.03"]
[Round "8"]
[White "Bergloviec, Jan"]
[Black "skrle, Vladimir"]
[Result "1-0"]
[WhiteElo "1869"]
[BlackElo "1830"]
[PlyCount "71"]

1. d4 d5 2. Nf3 Nf6 3. c4 dxc4 4. Nc3 e6 5. Bg5 Be7 6. e3 a6 7. Bxc4 b5 8. Bd3
Bb7 9. O-O Nbd7 10. Rc1 c5 11. Bb1 cxd4 12. Nxd4 Rc8 13. a3 O-O 14. b4 Ne5 15.
Qb3 Nc4 16. Rfd1 Nd5 17. Bxe7 Qxe7 18. Ne4 Ndb6 19. Nc5 Rfd8 20. e4 g6 21. Nf3
e5 22. h4 h5 23. Ba2 Bc6 24. Ng5 Be8 25. Qg3 Rd6 26. Rd3 Rxd3 27. Qxd3 Rd8 28.
Qc3 Qf6 29. Nf3 Qf4 30. g3 Qf6 31. Kg2 Bc6 32. Bb3 Kg7 33. Re1 Qe7 34. a4 Nd6
35. Nxe5 Bb7 36. Nc6+ 1-0

[Event "Ostravský koník 2014 - FIDE Open B"]
[Site "Ostrava, CZE"]
[Date "2014.05.03"]
[Round "8"]
[White "Semancik, David"]
[Black "Mikulencak, Jan"]
[Result "1-0"]
[WhiteElo "1721"]
[BlackElo "1834"]
[PlyCount "91"]

1. e4 e5 2. Nf3 Nf6 3. Nc3 d6 4. Bc4 Be6 5. Bb3 Be7 6. O-O O-O 7. d4 Bxb3 8.
axb3 Nbd7 9. Qe2 a6 10. Bd2 c5 11. d5 Ne8 12. Nd1 Nc7 13. c4 f5 14. exf5 Rxf5
15. Ne3 Rf7 16. Nd1 Ne8 17. Nc3 Qb6 18. Na4 Qc7 19. Nc3 Nf8 20. Ne4 h6 21. Ne1
Qd7 22. Nd3 Bd8 23. f4 exf4 24. Rxf4 Rxf4 25. Nxf4 Bg5 26. Nxg5 hxg5 27. Ne6
Nxe6 28. dxe6 Qe7 29. Re1 Nc7 30. Qg4 Qf6 31. Bxg5 Qg6 32. h4 Rf8 33. e7 Re8
34. Qd7 Na8 35. Qxb7 Kh7 36. Qxa6 Nc7 37. Qc6 Na8 38. Rf1 d5 39. Qxd5 Nc7 40.
Qxc5 Ne6 41. Qe5 Nxg5 42. hxg5 Qb6+ 43. c5 Qxb3 44. g6+ Kxg6 45. Qf5+ Kh6 46.
Rf3 1-0

[Event "Ostravský koník 2014 - FIDE Open B"]
[Site "Ostrava, CZE"]
[Date "2014.05.03"]
[Round "8"]
[White "Beluska, Tereza"]
[Black "Mejzr, Jan"]
[Result "1-0"]
[WhiteElo "1645"]
[BlackElo "1798"]
[PlyCount "41"]

1. e4 c5 2. Nf3 e6 3. d4 cxd4 4. Nxd4 a6 5. Nc3 Qc7 6. a3 Nc6 7. Be3 b5 8. Bd3
Nf6 9. O-O Ne5 10. f4 Neg4 11. Bc1 e5 12. Nf5 Bc5+ 13. Kh1 Nf2+ 14. Rxf2 Bxf2
15. Nxg7+ Kf8 16. Nh5 Nxh5 17. Qxh5 Qd6 18. Nd5 exf4 19. Bxf4 Qg6 20. Bh6+ Kg8
21. Ne7# 1-0

[Event "Ostravský koník 2014 - FIDE Open B"]
[Site "Ostrava, CZE"]
[Date "2014.05.03"]
[Round "8"]
[White "Cvik, stepan"]
[Black "Cyron, Karel"]
[Result "1-0"]
[WhiteElo "1723"]
[BlackElo "1792"]
[PlyCount "55"]

1. d4 Nf6 2. c4 c5 3. d5 b5 4. cxb5 a6 5. bxa6 g6 6. Nc3 Bxa6 7. f4 d6 8. Nf3
Bg7 9. e4 Nfd7 10. Bxa6 Nxa6 11. O-O O-O 12. Qe2 Qb8 13. Re1 Rc8 14. e5 Nb4 15.
e6 Nf8 16. exf7+ Kxf7 17. Qxe7+ Kg8 18. Ng5 Ra7 19. Qe2 Rcc7 20. Qc4 Nc2 21.
Nb5 Nxe1 22. Nxc7 Bd4+ 23. Kf1 Rxc7 24. Kxe1 Rb7 25. Rb1 Nd7 26. Qe2 Nf8 27. b3
Re7 28. Qxe7 1-0

[Event "Ostravský koník 2014 - FIDE Open B"]
[Site "Ostrava, CZE"]
[Date "2014.05.03"]
[Round "8"]
[White "Filip, Tomas"]
[Black "Hanak, Tomas"]
[Result "1-0"]
[WhiteElo "1595"]
[BlackElo "1757"]
[PlyCount "59"]

1. e4 c5 2. Nf3 Nc6 3. d4 cxd4 4. Nxd4 g6 5. Nc3 Bg7 6. Be3 Nf6 7. Bc4 O-O 8.
Bb3 d6 9. f3 Bd7 10. Qd2 Ne5 11. O-O-O a5 12. a4 Rc8 13. g4 Nc4 14. Bxc4 Rxc4
15. b3 Rc8 16. h4 Qc7 17. Ncb5 Bxb5 18. Nxb5 Qd8 19. h5 Rc6 20. hxg6 fxg6 21.
Nd4 Qc8 22. Nxc6 Qxc6 23. Bh6 Rc8 24. Bxg7 Kxg7 25. Rh2 b5 26. g5 Nh5 27. Qd4+
Kf8 28. axb5 Qxb5 29. Qh8+ Kf7 30. Qxc8 1-0

[Event "Ostravský koník 2014 - FIDE Open B"]
[Site "Ostrava, CZE"]
[Date "2014.05.03"]
[Round "8"]
[White "Sandor, stefan"]
[Black "Borovicka, Bohumil"]
[Result "0-1"]
[WhiteElo "1653"]
[BlackElo "2000"]
[PlyCount "52"]

1. e4 e6 2. d4 d5 3. exd5 exd5 4. Nf3 Nc6 5. Bb5 Nge7 6. O-O a6 7. Ba4 b5 8.
Bb3 g6 9. c3 Bg7 10. Bf4 O-O 11. Qc1 Bg4 12. Nbd2 Qd7 13. Re1 Rfe8 14. Bc2 Bf5
15. Ne5 Nxe5 16. Bxe5 Nc6 17. Bxf5 Qxf5 18. Bxc7 Rec8 19. Bg3 Nxd4 20. Qb1 Nc2
21. Nf3 Nxa1 22. Qxf5 gxf5 23. Rxa1 b4 24. Nd4 bxc3 25. bxc3 Rxc3 26. Nxf5 Rxg3
0-1

[Event "Ostravský koník 2014 - FIDE Open B"]
[Site "Ostrava, CZE"]
[Date "2014.05.03"]
[Round "8"]
[White "Bohanesova, Vendula"]
[Black "Müller, Leo"]
[Result "0-1"]
[WhiteElo "1652"]
[BlackElo "1873"]
[PlyCount "80"]

1. d4 Nf6 2. Nc3 e6 3. Bg5 d5 4. e3 c5 5. Nf3 a6 6. Be2 Nc6 7. O-O Bd6 8. e4
cxd4 9. Nxd4 dxe4 10. Nxc6 bxc6 11. Nxe4 Be7 12. Qxd8+ Bxd8 13. Nd6+ Ke7 14.
Nxc8+ Rxc8 15. Bxa6 Rb8 16. b3 h6 17. Bh4 Ba5 18. f3 Bc3 19. Rac1 Ra8 20. Bb7
Rxa2 21. Bxc6 Rc8 22. Be4 g5 23. Bf2 Nxe4 24. fxe4 Bb2 25. Rcd1 Rxc2 26. b4 Be5
27. Bc5+ Ke8 28. Rf2 Bxh2+ 29. Kf1 Be5 30. g4 Rxf2+ 31. Bxf2 Rb2 32. Bc5 Bc3
33. Bd4 Bxd4 34. Rxd4 Ke7 35. e5 f6 36. exf6+ Kxf6 37. Rc4 Ke5 38. Rc5+ Kf4 39.
Rc6 e5 40. Rxh6 Rxb4 0-1

[Event "Ostravský koník 2014 - FIDE Open B"]
[Site "Ostrava, CZE"]
[Date "2014.05.03"]
[Round "8"]
[White "Gemsa, Pavel"]
[Black "cubok, Milan"]
[Result "1-0"]
[WhiteElo "1626"]
[BlackElo "1824"]
[PlyCount "39"]

1. e4 c5 2. Nc3 Nc6 3. f4 g6 4. Nf3 Bg7 5. Bc4 e6 6. f5 Nf6 7. e5 Ng4 8. f6 Bf8
9. Qe2 d6 10. Bb5 Qc7 11. Nd5 Qb8 12. exd6 Bxd6 13. d4 Bxh2 14. Nxh2 Qg3+ 15.
Kf1 Nxh2+ 16. Kg1 O-O 17. Bxc6 exd5 18. Rxh2 Bg4 19. Qd2 bxc6 20. Rxh7 1-0

[Event "Ostravský koník 2014 - FIDE Open B"]
[Site "Ostrava, CZE"]
[Date "2014.05.03"]
[Round "8"]
[White "Berka, Lubos"]
[Black "sramek, Vojtech"]
[Result "0-1"]
[WhiteElo "1793"]
[BlackElo "1580"]
[PlyCount "94"]

1. e4 d5 2. exd5 Nf6 3. d4 Nxd5 4. c4 Nf6 5. Nf3 Bg4 6. Be2 c6 7. Nc3 e6 8. O-O
Be7 9. Bf4 O-O 10. h3 Bh5 11. Qd2 Bd6 12. Rad1 Qc7 13. Ne5 Bxe2 14. Qxe2 Nfd7
15. Rfe1 Nxe5 16. dxe5 Be7 17. Qg4 Kh8 18. Rd3 Nd7 19. Rg3 Rg8 20. Rd3 Nf8 21.
Ne4 Ng6 22. Nd6 Bxd6 23. exd6 Qd7 24. Bh2 Rad8 25. h4 Nf8 26. h5 f6 27. Qd4 b6
28. c5 e5 29. Qc3 Ne6 30. b4 Nd4 31. f4 Qg4 32. fxe5 Ne2+ 33. Rxe2 Qxe2 34. Rf3
fxe5 35. Bxe5 Rde8 36. Bxg7+ Rxg7 37. Rf2 Qe1+ 38. Qxe1 Rxe1+ 39. Kh2 bxc5 40.
h6 Rg8 41. bxc5 Rc1 42. Rf7 Rxc5 43. d7 Rd5 44. Re7 c5 45. g4 Rxg4 46. Re5 Rxd7
47. Rxc5 Rh4+ 0-1

[Event "Ostravský koník 2014 - FIDE Open B"]
[Site "Ostrava, CZE"]
[Date "2014.05.03"]
[Round "8"]
[White "cech, Jan"]
[Black "Petrov, Nikolaj"]
[Result "1-0"]
[WhiteElo "1615"]
[BlackElo "1777"]
[PlyCount "79"]

1. e4 Nf6 2. Nc3 d5 3. exd5 Nxd5 4. Nxd5 Qxd5 5. d4 Nc6 6. Be3 Bf5 7. c3 e5 8.
Nf3 O-O-O 9. Qb3 exd4 10. Qxd5 Rxd5 11. Nxd4 Nxd4 12. Bxd4 f6 13. Bc4 Rd8 14.
O-O-O Bd6 15. Rhe1 Rhe8 16. g3 Bg4 17. Rxe8 Rxe8 18. Rf1 Bf3 19. Kd2 c5 20. Be3
Rd8 21. Kc2 a6 22. Re1 Be4+ 23. Kc1 Bf3 24. Be2 Be4 25. Rd1 Kc7 26. f3 Bc6 27.
Kc2 b5 28. b3 Re8 29. Kd2 Be5 30. Bf4 Bxf4+ 31. gxf4 Rd8+ 32. Kc2 Rxd1 33. Kxd1
Kd6 34. Kd2 Ke6 35. a3 Kf5 36. Ke3 Bd5 37. Bd3+ Ke6 38. Bxh7 Bxb3 39. Bg8+ Kf5
40. Bxb3 1-0